| 000 | 00907pam a2200277 a 4500 | ||
|---|---|---|---|
| 999 |
_c16453 _d16453 |
||
| 001 | 517539 | ||
| 005 | 20161110122836.0 | ||
| 008 | 861017s1987 caua b 001 0 eng c | ||
| 010 | _a 86026528 | ||
| 020 | _a0201117746 | ||
| 040 |
_aDNLM/DLC _cDLC _dDLC |
||
| 050 | 0 | 0 |
_aRT41 _b.K72 1987 |
| 060 | _aWY 100 K88fa | ||
| 100 | 1 | _aKozier, Barbara. | |
| 245 | 1 | 0 |
_aFundamentals of nursing : _bconcepts and procedures / _cBarbara Kozier, Glenora Erb. |
| 250 | _a3rd ed. | ||
| 260 |
_aMenlo Park, Calif. : _bAddison-Wesley Pub. Co., Health Sciences Division, _cc1987. |
||
| 300 |
_axxvii, 1658, 60 p. : _bill. ; _c30 cm. |
||
| 504 | _aIncludes bibliographies and index. | ||
| 650 | 0 | _aNursing. | |
| 650 | 2 | _aNursing Care. | |
| 700 | 1 |
_aErb, Glenora Lea, _d1937- |
|
| 942 |
_2lcc _cBOOKS _hRT41 .K72 1987 |
||